50 Flicks to Click (1999) Quiz Stats

 Plays Quiz Updated May 14, 2018

Challenge
Share
Tweet
Embed
Score 0/50 Timer 07:00
4 Plays Today
% Correct
Hate
95.3%
Blair
94.9%
Sense
94.8%
Eyes
94.5%
Club
94%
Sleepy
93.5%
Green
93.2%
Malkovich
93.1%
Moon
92.8%
Bride
92.8%
Deep
92.8%
Shagged
92.7%
Kissed
92.5%
Boys
91.8%
Talented
90.8%
American
90.5%
Menace
90.5%
Intentions
89.7%
Notting
88.4%
She's
88.2%
Pie
87.5%
Collector
87.3%
Deuce
87.2%
Analyze
86.7%
Sunday
86.2%
% Correct
South
85.9%
Interrupted
85.1%
Rules
82.9%
Anna
82.7%
World
82.3%
Days
80.5%
Galaxy
78.6%
Virgin
77.1%
Three
76.2%
Daddy
75.3%
Iron
74.8%
Detroit
72.7%
Mother
72.6%
October
72.2%
Boondock
72.2%
Cedars
65%
Road
64.6%
Office
63.3%
Echoes
61.9%
Dead
61.8%
Gate
60%
Warrior
56.3%
Mystery
51.6%
Tin
51.5%
Straight
41.5%

You're not logged in!

Compare scores with friends on all Sporcle quizzes.
OR
Log In

You Might Also Like...

Show Comments

Extras

Top Quizzes Today


Score Distribution

Your Account Isn't Verified!

In order to create a playlist on Sporcle, you need to verify the email address you used during registration. Go to your Sporcle Settings to finish the process.

Report this User

Report this user for behavior that violates our Community Guidelines.

Details: